| 000 | 00970nam a22002657a 4500 | ||
|---|---|---|---|
| 003 | DO-SdBNP | ||
| 005 | 20240725120308.0 | ||
| 008 | 171120b1997 sp |||| 00| 0 spa d | ||
| 020 | _a1563280868 | ||
| 040 |
_aBPMSU _bspa _cBPMSU |
||
| 082 | 4 |
_aPR863. 4 _bL864b 1997 _222 |
|
| 100 | 1 | _aLópez-Baralt, Mercedes | |
| 245 | 1 | 0 |
_a El barco en la botella : _bla poesía de Luis Palés Matos / _cMercedes López-Baralt. |
| 260 |
_aSan Juan, Puerto Rico : _bPlaza Mayor, _c1997. |
||
| 300 |
_a313 p. : _bil. ; _c24 cm. |
||
| 490 | 0 |
_aBiblioteca de autores de Puerto Rico ; _aEnsayo |
|
| 500 | _aIncluye datos de la autora en la solapa de la contracubierta | ||
| 504 | _aBibliografía : p. 293-304 | ||
| 590 | _aInventariado, 2024/VM | ||
| 600 | 1 | 4 |
_a Matos, Luis Palés _d1898-1959 _xCrítica e interpretación |
| 650 | 4 | _aPoesía puertorriqueño | |
| 830 | _aBiblioteca de autores de Puerto Rico | ||
| 910 | _aVMateo V. Control de calidad. BPMSU | ||
| 942 |
_2ddc _cBK |
||
| 999 |
_c12966 _d12966 |
||